| 000 | 00740nam a22002297a 4500 | ||
|---|---|---|---|
| 001 | 2588 | ||
| 005 | 20240103140321.0 | ||
| 020 | _a9780545296571 | ||
| 040 |
_aFISKH _beng _cFISKH _dFISKH |
||
| 050 | _aPZ7.L41836 | ||
| 082 | _a813.6 | ||
| 100 | _aLaw, Ingrid | ||
| 245 |
_aSavvy / _cIngrid Law |
||
| 250 | _aFirst Scholastic printing, April 2010 | ||
| 260 |
_aNew York : _bScholastic, _c2008 |
||
| 300 |
_a342 pages : _c19 cm |
||
| 505 | _aZ | ||
| 520 | _aRecounts the adventures of Mibs Beaumont, whose thirteenth birthday has revealed her "savvy"--a magical power unique to each member of her family--just as her father is injured in a terrible accident. | ||
| 521 |
_a1070 _bLexile |
||
| 521 |
_aZ _bRaz-Plus |
||
| 942 |
_2ddc _cBK _n0 |
||
| 999 |
_c2588 _d2588 |
||